<?xml version="1.0" encoding="UTF-8"?><?xml-stylesheet type="text/xsl" href="static/style.xsl"?><OAI-PMH xmlns="http://www.openarchives.org/OAI/2.0/" xmlns:xsi="http://www.w3.org/2001/XMLSchema-instance" xsi:schemaLocation="http://www.openarchives.org/OAI/2.0/ http://www.openarchives.org/OAI/2.0/OAI-PMH.xsd"><responseDate>2026-04-14T06:34:51Z</responseDate><request verb="GetRecord" identifier="oai:www.recercat.cat:10256/13051" metadataPrefix="marc">https://recercat.cat/oai/request</request><GetRecord><record><header><identifier>oai:recercat.cat:10256/13051</identifier><datestamp>2024-05-22T11:11:06Z</datestamp><setSpec>com_2072_452966</setSpec><setSpec>com_2072_2054</setSpec><setSpec>col_2072_452968</setSpec></header><metadata><record xmlns="http://www.loc.gov/MARC21/slim" xmlns:dcterms="http://purl.org/dc/terms/" xmlns:xsi="http://www.w3.org/2001/XMLSchema-instance" xmlns:doc="http://www.lyncode.com/xoai" xsi:schemaLocation="http://www.loc.gov/MARC21/slim http://www.loc.gov/standards/marcxml/schema/MARC21slim.xsd">
   <leader>00925njm 22002777a 4500</leader>
   <datafield ind2=" " ind1=" " tag="042">
      <subfield code="a">dc</subfield>
   </datafield>
   <datafield ind2=" " ind1=" " tag="720">
      <subfield code="a">Marull Borrell, Guillem</subfield>
      <subfield code="e">author</subfield>
   </datafield>
   <datafield ind2=" " ind1=" " tag="260">
      <subfield code="c">2016-09</subfield>
   </datafield>
   <datafield ind2=" " ind1=" " tag="520">
      <subfield code="a">L’objecte del projecte és fer la comparativa dels valors obtinguts del càlcul anàlitic del&#xd;
basculant amb els valors de l’assaig del basculant real en el banc de proves.&#xd;
Mitjançant un software d’elements finints (FEM) i fòrmules analítiques es calculen les tensions&#xd;
i el nombre de cícles que és capaç de soportar el basculant, suposant unes determinades&#xd;
càrregues i condicions de contorn.&#xd;
Al mateix temps es realitza un assaig experimental, mitjançant un banc de proves hidràulic,&#xd;
on s’apliquen les mateixes càrregues i condicions de contorn, fins provocar la ruptura de la&#xd;
peça. Aquest assaig ens permet conèixer el nombre de cícles que pot suportar el basculant&#xd;
real. Per dur a terme l’assaig pràctic es dissenyen i calculen uns útils per tal de poder acoblar&#xd;
el basculant al banc de proves del laboratori de mecànica de l’EPS.&#xd;
El desenvolupament del càlcul analític i l’assaig experimental es treballen en paral•lel ja que&#xd;
totes les suposicions fetes a la teoria s’han de plasmar a la pràctica i/o viceversa. Es té en&#xd;
compte que totes les suposicions realitzades tinguin correlació amb el comportament real del&#xd;
basculant muntat a la motocicleta.&#xd;
Fent la comparativa dels valors obtinguts de l’assaig es comprova si el mètode de càlcul&#xd;
analític utilitzat ens dóna uns valors fiables que s’ajustin a la realitat.</subfield>
   </datafield>
   <datafield ind1="8" ind2=" " tag="024">
      <subfield code="a">http://hdl.handle.net/10256/13051</subfield>
   </datafield>
   <datafield tag="653" ind2=" " ind1=" ">
      <subfield code="a">Esforç i tensió</subfield>
   </datafield>
   <datafield tag="653" ind2=" " ind1=" ">
      <subfield code="a">Materials -- Fatiga</subfield>
   </datafield>
   <datafield tag="653" ind2=" " ind1=" ">
      <subfield code="a">Motocicletes -- Equip i accessoris</subfield>
   </datafield>
   <datafield tag="653" ind2=" " ind1=" ">
      <subfield code="a">Motocicletes -- Ressorts i suspensió</subfield>
   </datafield>
   <datafield tag="653" ind2=" " ind1=" ">
      <subfield code="a">Strains and stresses</subfield>
   </datafield>
   <datafield tag="653" ind2=" " ind1=" ">
      <subfield code="a">Materials -- Fatigue</subfield>
   </datafield>
   <datafield tag="653" ind2=" " ind1=" ">
      <subfield code="a">Motorcycles -- Equipment and supplies</subfield>
   </datafield>
   <datafield tag="653" ind2=" " ind1=" ">
      <subfield code="a">Motorcycles -- Springs and suspension</subfield>
   </datafield>
   <datafield ind2="0" ind1="0" tag="245">
      <subfield code="a">Resistència d’un basculant de moto: càlcul teòric i experimental</subfield>
   </datafield>
</record></metadata></record></GetRecord></OAI-PMH>